000 00378nam a2200121 4500
999 _c13696
_d13696
008 190401b ||||| |||| 00| 0 eng d
100 _938087
_aDumlao, Artemio
245 _a11 still missing in mountain province landslide/
_cArtemio Dumlao
260 _aPhilippines:
_bThe Philippine Star;
_cc2018.
300 _apage 13.
650 0 _938088
_aNatural disaster.
942 _2ddc
_cPER